[Event "21. SCHACHFESTIVAL BASEL 2019 -- MASTER "]
[Site "?"]
[Date "2019.01.02"]
[Round "1.1"]
[White "Dekan, Hans"]
[Black "Narayanan.S.L"]
[Result "0-1"]
[WhiteElo "2123"]
[BlackElo "2575"]
[PlyCount "70"]
[EventDate "2019.01.02"]

1. e4 c5 2. Nf3 d6 3. d4 cxd4 4. Nxd4 Nf6 5. Nc3 a6 6. Bc4 e6 7. Be3 Be7 8. O-O
b5 9. Bb3 O-O 10. Qd3 Bd7 11. h3 Nc6 12. Nxc6 Bxc6 13. a3 a5 14. f3 Qb8 15. Ne2
a4 16. Ba2 b4 17. Nd4 Bd7 18. Rfd1 Rc8 19. Bd2 e5 20. Nf5 Bxf5 21. exf5 bxa3
22. bxa3 h6 23. Bb4 Qa7+ 24. Kh2 Rc6 25. Rd2 Rac8 26. g4 Qc7 27. c3 d5 28. Kg2
e4 29. Qd4 Bxb4 30. cxb4 exf3+ 31. Kh1 Ne4 32. Bxd5 Ng3+ 33. Kg1 Ne2+ 34. Rxe2
Qg3+ 35. Kf1 Rc1+ 0-1

[Event "21. SCHACHFESTIVAL BASEL 2019 -- MASTER "]
[Site "?"]
[Date "2019.01.02"]
[Round "1.3"]
[White "Maloberti, David"]
[Black "Chatalbashev, Boris"]
[Result "0-1"]
[WhiteElo "2112"]
[BlackElo "2531"]
[PlyCount "114"]
[EventDate "2019.01.02"]

1. d4 Nf6 2. c4 c5 3. d5 b5 4. cxb5 a6 5. b6 g6 6. Nf3 Bg7 7. Nc3 d6 8. e4 O-O
9. Bd3 Bg4 10. O-O Qxb6 11. h3 Bxf3 12. Qxf3 Nbd7 13. Qe2 Rfb8 14. Rb1 Nh5 15.
Be3 Bd4 16. Qd2 Qb4 17. a3 Bxe3 18. Qxe3 Qb3 19. f4 c4 20. Be2 Ng7 21. Qd4 Rc8
22. Bg4 Rc7 23. Bxd7 Rxd7 24. f5 Rb8 25. Kh2 Ne8 26. fxg6 hxg6 27. e5 dxe5 28.
Qxe5 Qb6 29. Rf4 Qd6 30. Qxd6 Nxd6 31. Ne4 Nxe4 32. Rxe4 c3 33. b4 Rc8 34. Rc1
Rxd5 35. Re3 c2 36. Re2 Rd3 37. Rcxc2 Rxc2 38. Rxc2 Rxa3 39. Rc6 Kg7 40. g4 f5
41. g5 Ra4 42. Rb6 a5 43. bxa5 Rxa5 44. Kg3 Kf7 45. Kg2 Ra4 46. Kf3 Ra3+ 47.
Kg2 Rd3 48. h4 Rd6 49. Rb7 Re6 50. Ra7 Rb6 51. Kg3 Rb3+ 52. Kg2 f4 53. Kh2 Re3
54. Ra5 Ke6 55. Ra6+ Kf5 56. h5 gxh5 57. g6 Rg3 0-1

[Event "21. SCHACHFESTIVAL BASEL 2019 -- MASTER "]
[Site "?"]
[Date "2019.01.02"]
[Round "1.4"]
[White "Krishna, C R G."]
[Black "Schmahl, Stephan"]
[Result "1-0"]
[WhiteElo "2469"]
[BlackElo "2111"]
[PlyCount "91"]
[EventDate "2019.01.02"]

1. d4 Nf6 2. Nf3 g6 3. Nc3 d5 4. Bf4 Bg7 5. e3 O-O 6. Be2 Bg4 7. Ne5 Bxe2 8.
Qxe2 c6 9. h4 Nbd7 10. g4 Nxe5 11. Bxe5 Nd7 12. Bxg7 Kxg7 13. h5 e5 14. O-O-O
Re8 15. Kb1 Qf6 16. hxg6 hxg6 17. dxe5 Qxe5 18. Rh3 Rh8 19. f4 Qe7 20. Rf3 Rae8
21. Qd3 Kg8 22. g5 Rh2 23. a3 Nc5 24. Qd4 b6 25. Rdf1 Ne6 26. Qf6 Ng7 27. Qxc6
Qe6 28. Qxd5 Rc8 29. Qxe6 fxe6 30. e4 Rd8 31. R3f2 Rh3 32. Rf3 Rh2 33. R1f2
Rh1+ 34. Ka2 Kf7 35. Kb3 Ke7 36. Rd3 Rg1 37. Rxd8 Kxd8 38. Rd2+ Ke7 39. Nb5 e5
40. fxe5 Ne6 41. Nxa7 Nc5+ 42. Kc4 Nxe4 43. Rd4 Nxg5 44. Nc6+ Ke6 45. Rd6+ Kf7
46. Nd4 1-0

[Event "21. SCHACHFESTIVAL BASEL 2019 -- MASTER "]
[Site "?"]
[Date "2019.01.02"]
[Round "1.5"]
[White "Bub, Volker"]
[Black "Perske, Thore"]
[Result "0-1"]
[WhiteElo "2108"]
[BlackElo "2441"]
[PlyCount "70"]
[EventDate "2019.01.02"]

1. e4 e6 2. d3 d5 3. Nd2 c5 4. Ngf3 Nc6 5. g3 g6 6. Bg2 Bg7 7. O-O Nge7 8. Re1
O-O 9. e5 Qc7 10. Qe2 g5 11. Nxg5 Qxe5 12. Nde4 dxe4 13. Qh5 h6 14. Bf4 Qxb2
15. Nxe4 f5 16. Rab1 Qd4 17. c3 Qd8 18. Nxc5 Qe8 19. Qxe8 Rxe8 20. d4 e5 21.
dxe5 b6 22. Nb3 Be6 23. Nd4 Nxd4 24. cxd4 Bd5 25. a4 Bxg2 26. Kxg2 Nd5 27. Bd2
a6 28. Rbc1 Rac8 29. f4 Bf8 30. Kf3 Kf7 31. h3 Ba3 32. Rb1 Rc4 33. Rb3 Rxd4 34.
Rxa3 Rxd2 35. g4 Rd4 0-1

[Event "21. SCHACHFESTIVAL BASEL 2019 -- MASTER "]
[Site "?"]
[Date "2019.01.02"]
[Round "1.6"]
[White "Hort, Vlastimil"]
[Black "Wirz, Heinz"]
[Result "1-0"]
[WhiteElo "2419"]
[BlackElo "2099"]
[PlyCount "49"]
[EventDate "2019.01.02"]

1. d4 Nf6 2. Nf3 d6 3. c4 g6 4. Nc3 Bg7 5. e4 O-O 6. h3 Nbd7 7. Bd3 e5 8. d5
Nc5 9. Bc2 a5 10. Bg5 h6 11. Be3 Ne8 12. Qd2 Kh7 13. g4 b6 14. O-O-O f5 15.
exf5 gxf5 16. gxf5 Bxf5 17. Bxf5+ Rxf5 18. Qc2 Qf6 19. Nh4 Qxh4 20. Qxf5+ Kg8
21. Rhg1 Qxc4 22. Qg6 Qh4 23. Rg4 Qxh3 24. Bxh6 Qxh6+ 25. Qxh6 1-0

[Event "21. SCHACHFESTIVAL BASEL 2019 -- MASTER "]
[Site "?"]
[Date "2019.01.02"]
[Round "1.7"]
[White "Boricha, Ketan"]
[Black "Beukema, Stefan"]
[Result "1/2-1/2"]
[WhiteElo "2095"]
[BlackElo "2414"]
[PlyCount "76"]
[EventDate "2019.01.02"]

1. e4 e5 2. Nf3 Nc6 3. Bc4 Bc5 4. O-O Nf6 5. d3 a6 6. a4 O-O 7. Be3 d6 8. c3
Ba7 9. Nbd2 Ne7 10. Bxa7 Rxa7 11. d4 Ng6 12. Re1 c6 13. a5 Qc7 14. Qb3 Ra8 15.
dxe5 dxe5 16. Bf1 Be6 17. Bc4 Bd7 18. Ng5 Bc8 19. Qb4 h6 20. Ngf3 Bg4 21. Qc5
Rad8 22. Qe3 Rd7 23. Be2 Bxf3 24. Bxf3 Nf4 25. Be2 Qd6 26. Nb3 Rfd8 27. h3 Qe7
28. Nc5 N4d5 29. exd5 Nxd5 30. Qg3 Qxc5 31. Bg4 Re7 32. Rxe5 Rde8 33. Rae1 g6
34. Rxe7 Rxe7 35. Rxe7 Qxe7 36. Bf3 Nf6 37. Qf4 Kg7 38. Qd4 Qd7 1/2-1/2

[Event "21. SCHACHFESTIVAL BASEL 2019 -- MASTER "]
[Site "?"]
[Date "2019.01.02"]
[Round "1.8"]
[White "Petre, Nad-Titus"]
[Black "Shah, Rishab"]
[Result "1-0"]
[WhiteElo "2308"]
[BlackElo "2086"]
[PlyCount "115"]
[EventDate "2019.01.02"]

1. d4 Nf6 2. Bf4 g6 3. Nc3 d5 4. e3 c6 5. Nf3 Bg7 6. Be2 O-O 7. Ne5 Nbd7 8. Qd2
Qa5 9. Bf3 Nxe5 10. Bxe5 b5 11. a3 Be6 12. O-O Rfd8 13. Rfd1 Qb6 14. h3 Ne4 15.
Bxe4 Bxe5 16. Bxg6 Bd6 17. Bd3 Kh8 18. Qe2 Rg8 19. Qh5 Rg7 20. Ne2 Rag8 21. Kh1
f6 22. Rg1 Bf7 23. Qh4 Qc7 24. g4 e5 25. Bf5 exd4 26. exd4 c5 27. c3 cxd4 28.
cxd4 Qc4 29. Rae1 Re8 30. Qxf6 Rxe2 31. Qxd6 Rxe1 32. Rxe1 Qxd4 33. Qb8+ Bg8
34. Qxb5 Qxf2 35. Qe2 Qg3 36. Qe3 Qd6 37. Qd4 Qg3 38. Qe3 Qd6 39. Qe5 Qb6 40.
Re2 Qh6 41. Kg2 Qg5 42. Rc2 Qe7 43. Qxe7 Rxe7 44. Kf3 Kg7 45. Kf4 Bf7 46. b4 d4
47. Rd2 Re3 48. Rd3 Rxd3 49. Bxd3 Bd5 50. Ke5 Bg2 51. h4 Bf3 52. g5 h6 53. Kxd4
hxg5 54. hxg5 Kf7 55. Ke5 Ke7 56. Bc4 Bh5 57. Bd3 Bf7 58. Bh7 1-0

[Event "21. SCHACHFESTIVAL BASEL 2019 -- MASTER "]
[Site "?"]
[Date "2019.01.02"]
[Round "1.9"]
[White "Simon, Ralf-Axel"]
[Black "Faibisovich, Vadim Z"]
[Result "0-1"]
[WhiteElo "2075"]
[BlackElo "2304"]
[PlyCount "40"]
[EventDate "2019.01.02"]

1. Nf3 d5 2. e3 Nf6 3. c4 e6 4. b3 Be7 5. Bb2 O-O 6. Nc3 c5 7. cxd5 Nxd5 8.
Nxd5 exd5 9. Be2 Nc6 10. d4 cxd4 11. Nxd4 Qa5+ 12. Kf1 Nxd4 13. Bxd4 Be6 14.
Bd3 f5 15. g4 fxg4 16. Qd2 $4 Qxd2 17. f4 gxf3 18. Bxh7+ Kh8 19. Bxg7+ Kxg7 20.
Rg1+ Kxh7 0-1

[Event "21. SCHACHFESTIVAL BASEL 2019 -- MASTER "]
[Site "?"]
[Date "2019.01.02"]
[Round "1.10"]
[White "Heinemann, Josefine"]
[Black "HÃnggi, Markus"]
[Result "1-0"]
[WhiteElo "2304"]
[BlackElo "2064"]
[PlyCount "130"]
[EventDate "2019.01.02"]

1. e4 c5 2. Nf3 a6 3. c4 Nc6 4. d4 cxd4 5. Nxd4 e5 6. Nf5 d6 7. Ne3 Nf6 8. Nc3
Be7 9. Be2 O-O 10. O-O Nd4 11. Nc2 Nxe2+ 12. Qxe2 Bg4 13. Qd3 Rc8 14. b3 Qc7
15. a4 Rfd8 16. a5 b5 17. axb6 Qxb6 18. Na4 Qb7 19. f3 Be6 20. Ne3 Nd7 21. Ba3
Nc5 22. Bxc5 dxc5 23. Nd5 Bg5 24. Rfd1 h6 25. Nac3 Rc6 26. g3 Rb8 27. Ra3 Rf8
28. Kg2 f5 29. exf5 Bxf5 30. Ne4 Qf7 31. Nxg5 hxg5 32. Qxf5 Qxf5 33. Ne7+ Kh7
34. Nxf5 Rxf5 35. Ra2 Rb6 36. Rd3 Rf7 37. Re2 Re7 38. Ree3 Kg6 39. Rd5 Rc6 40.
Rexe5 Rxe5 41. Rxe5 Kf6 42. Rd5 Rb6 43. Rxc5 Rxb3 44. Rc6+ Kf5 45. Rxa6 Rb2+
46. Kh3 Rc2 47. Ra7 Kg6 48. Rc7 Rf2 49. Kg4 Rxh2 50. Rc6+ Kf7 51. Kxg5 Rh3 52.
Rc7+ Kg8 53. Kg4 Rh1 54. f4 Rg1 55. f5 Rf1 56. Kg5 Kh7 57. g4 Rf2 58. c5 Rf1
59. c6 Rf2 60. Rf7 Rc2 61. c7 Kg8 62. Rd7 Kh7 63. f6 Rc5+ 64. Kf4 Kg6 65. fxg7
Kh7 1-0

[Event "21. SCHACHFESTIVAL BASEL 2019 -- MASTER "]
[Site "?"]
[Date "2019.01.02"]
[Round "1.11"]
[White "Rahimi, Rahim"]
[Black "Gomes, Mary Ann"]
[Result "0-1"]
[WhiteElo "2060"]
[BlackElo "2296"]
[PlyCount "84"]
[EventDate "2019.01.02"]

1. Nf3 c5 2. c4 Nc6 3. e3 e5 4. Nc3 d6 5. d4 exd4 6. exd4 Bg4 7. d5 Nd4 8. Be2
Nxe2 9. Qxe2+ Qe7 10. Be3 Nf6 11. h3 Bh5 12. g4 Bg6 13. Nh4 Ne4 14. Nxg6 hxg6
15. Nxe4 Qxe4 16. Bf4 Qxe2+ 17. Kxe2 Be7 18. Kf3 Kd7 19. Rab1 g5 20. Bd2 b6 21.
Bc3 Rh4 22. b3 Rah8 23. Kg2 Bf6 24. Bxf6 gxf6 25. Rbe1 f5 26. f3 f4 27. Re2 Re8
28. Rhe1 Rxe2+ 29. Rxe2 Rh8 30. a3 a6 31. Re1 b5 32. cxb5 axb5 33. Re4 Ra8 34.
a4 c4 35. bxc4 bxa4 36. h4 a3 37. Re1 a2 38. Ra1 gxh4 39. g5 Ra3 40. Kh3 Rxf3+
41. Kg4 Ra3 42. Kf5 f3 0-1

[Event "21. SCHACHFESTIVAL BASEL 2019 -- MASTER "]
[Site "?"]
[Date "2019.01.02"]
[Round "1.13"]
[White "Oparaugo, Thomas"]
[Black "Bartakke, Amardeep S"]
[Result "1-0"]
[WhiteElo "2045"]
[BlackElo "2249"]
[PlyCount "159"]
[EventDate "2019.01.02"]

1. e4 c5 2. Nf3 d6 3. d4 cxd4 4. Qxd4 Nc6 5. Bb5 Bd7 6. Bxc6 Bxc6 7. Nc3 Nf6 8.
Bg5 e6 9. O-O-O Be7 10. Rhe1 Qc7 11. Bxf6 gxf6 12. Nd5 Bxd5 13. exd5 e5 14.
Qa4+ Qd7 15. Qxd7+ Kxd7 16. Nh4 Rhg8 17. g3 Rg5 18. Nf3 Rf5 19. Rd3 Rc8 20. Re4
Bd8 21. g4 Rf4 22. Rxf4 exf4 23. Nd2 f5 24. gxf5 Bh4 25. Ne4 Re8 26. f3 Bd8 27.
Rb3 b6 28. Ra3 a5 29. b4 Re5 30. bxa5 bxa5 31. c4 Rxf5 32. Rb3 Bc7 33. Rb2 Ke7
34. Rg2 Rh5 35. Kd1 h6 36. Ke1 Rh3 37. Ke2 Bb6 38. Nf2 Rh5 39. Nd3 Be3 40. Nf2
f5 41. Nd1 Bc5 42. Nf2 Kf6 43. Nd3 Be3 44. a4 Ke7 45. Rg7+ Kd8 46. Rg2 Kc7 47.
Ne1 Kb6 48. Kd3 Rh3 49. Rb2+ Kc7 50. Rg2 Bc5 51. Ke2 Kb6 52. Nd3 Be3 53. Nf2
Rh4 54. Kd3 Kc5 55. Kc3 Bd4+ 56. Kd3 Rh5 57. Rg1 Kb6 58. Rb1+ Kc7 59. Kxd4 Rxh2
60. Nd3 h5 61. c5 dxc5+ 62. Nxc5 Rf2 63. Rb7+ Kc8 64. d6 Rd2+ 65. Ke5 h4 66.
Rc7+ Kb8 67. Na6+ Ka8 68. d7 h3 69. Rc8+ Kb7 70. Nc5+ Kb6 71. d8=Q+ Rxd8 72.
Rxd8 Kxc5 73. Rh8 Kb4 74. Kd4 Kxa4 75. Kc4 Ka3 76. Kc3 a4 77. Rxh3 Ka2 78. Kc2
a3 79. Rh8 Ka1 80. Kb3 1-0

[Event "21. SCHACHFESTIVAL BASEL 2019 -- MASTER "]
[Site "?"]
[Date "2019.01.02"]
[Round "1.14"]
[White "Hess, Christian Mathias"]
[Black "Bender, Dirk"]
[Result "1-0"]
[WhiteElo "2220"]
[BlackElo "2040"]
[PlyCount "71"]
[EventDate "2019.01.02"]

1. Nf3 c5 2. c4 g6 3. d4 cxd4 4. Nxd4 Bg7 5. e4 Nc6 6. Be3 Nf6 7. Nc3 d6 8. Be2
O-O 9. O-O Nxd4 10. Bxd4 Be6 11. Qd2 Rc8 12. b3 a6 13. Rfd1 Ne8 14. Bxg7 Nxg7
15. Rac1 Rc5 16. Na4 Rc8 17. Qb4 Qc7 18. Nb6 Qc5 19. Qxc5 Rxc5 20. Bf3 Rc6 21.
Nd5 Re8 22. Nb4 Rc7 23. h3 Kf8 24. Bg4 Bxg4 25. hxg4 Rec8 26. f3 Ne6 27. Kf2 a5
28. Nd5 Rc6 29. Ke3 b5 30. Rh1 bxc4 31. Rxh7 cxb3 32. Rh8+ Kg7 33. Rxc8 Rxc8
34. Rxc8 bxa2 35. Rc1 Ng5 36. Ra1 1-0

[Event "21. SCHACHFESTIVAL BASEL 2019 -- MASTER "]
[Site "?"]
[Date "2019.01.02"]
[Round "1.15"]
[White "Vergara Anton, Diego"]
[Black "Curien, Nicolas"]
[Result "1/2-1/2"]
[WhiteElo "2040"]
[BlackElo "2214"]
[PlyCount "47"]
[EventDate "2019.01.02"]

1. d4 d5 2. Nf3 Bf5 3. g3 e6 4. Bg2 Nc6 5. O-O h5 6. Bf4 h4 7. Nxh4 g5 8. Nxf5
gxf4 9. Nh4 Bd6 10. c4 Qg5 11. cxd5 exd5 12. Nc3 fxg3 13. fxg3 O-O-O 14. Qd3
Nge7 15. Nb5 Bb4 16. Rxf7 a6 17. Nc3 Kb8 18. Raf1 Qh5 19. Qf3 Nxd4 20. Qxh5
Rxh5 21. e3 Nc2 22. R1f3 Re5 23. Nd1 Nxe3 24. Nxe3 1/2-1/2

[Event "21. SCHACHFESTIVAL BASEL 2019 -- MASTER "]
[Site "?"]
[Date "2019.01.02"]
[Round "1.16"]
[White "Roe, Simon J"]
[Black "Perreard, Nicolas"]
[Result "1/2-1/2"]
[WhiteElo "2210"]
[BlackElo "2032"]
[PlyCount "95"]
[EventDate "2019.01.02"]

1. Nf3 d5 2. c4 e6 3. g3 c6 4. Qc2 Nf6 5. Bg2 Be7 6. b3 b6 7. Bb2 Bb7 8. O-O
Nbd7 9. d4 Rc8 10. Nbd2 O-O 11. Rad1 Rc7 12. e4 dxe4 13. Nxe4 Qa8 14. Nxf6+
Nxf6 15. c5 Nd5 16. Rfe1 Rd8 17. Ne5 bxc5 18. dxc5 a5 19. a3 f6 20. Nc4 Bxc5
21. Rxe6 Bc8 22. Ree1 Bg4 23. Rc1 Rcd7 24. h3 Bh5 25. Be4 Bg6 26. Bxg6 hxg6 27.
Qxg6 Qb8 28. b4 axb4 29. axb4 Qxb4 30. Re2 Re7 31. Rxe7 Bxe7 32. Qe4 Bc5 33.
Qe6+ Kh8 34. Qg4 Re8 35. Kg2 Kg8 36. Bd4 Bxd4 37. Qxd4 Kf7 38. Qd3 Re1 39. Rxe1
Qxe1 40. Nd6+ Kf8 41. Nf5 Kf7 42. Qf3 g6 43. Nh6+ Ke7 44. Ng4 Qe6 45. Qd3 c5
46. Qb5 Qd6 47. Kh2 Qc7 48. Qc4 1/2-1/2

[Event "21. SCHACHFESTIVAL BASEL 2019 -- MASTER "]
[Site "?"]
[Date "2019.01.02"]
[Round "1.17"]
[White "Staub, Gerhard"]
[Black "Hoffmann, Achim Gunter"]
[Result "1-0"]
[WhiteElo "2010"]
[BlackElo "2135"]
[PlyCount "77"]
[EventDate "2019.01.02"]

1. e4 c5 2. Nc3 Nc6 3. f4 g6 4. Nf3 Bg7 5. Bc4 e6 6. O-O Nge7 7. Qe1 a6 8. a4
Nb4 9. Qh4 Nxc2 10. Rb1 Nc6 11. Qxd8+ Kxd8 12. e5 f5 13. d3 d5 14. exd6 Kd7 15.
Ng5 Nd8 16. Ne2 Kxd6 17. Bd2 Bd7 18. Bb3 Nd4 19. Nxd4 Bxd4+ 20. Kh1 b5 21. Nf3
bxa4 22. Nxd4 cxd4 23. Bb4+ Kc7 24. Rfc1+ Kb7 25. Bd1 Bb5 26. Bf3+ Nc6 27. Rc5
Kb6 28. Bxc6 Bxc6 29. Rbc1 Bb5 30. Rc7 Bxd3 31. R1c6+ Kb5 32. Bd2 a3 33. Rc5+
Ka4 34. Ra5+ Kb3 35. Rxa3+ Kxb2 36. Rxd3 Rhd8 37. Bc1+ Kb1 38. Rb3+ Ka2 39.
Rcb7 1-0

[Event "21. SCHACHFESTIVAL BASEL 2019 -- MASTER "]
[Site "?"]
[Date "2019.01.02"]
[Round "1.19"]
[White "Bounlom, Jannik"]
[Black "Faraone, Ettore"]
[Result "1-0"]
[WhiteElo "1892"]
[BlackElo "2124"]
[PlyCount "73"]
[EventDate "2019.01.02"]

1. e4 c5 2. Nf3 d6 3. d4 cxd4 4. Nxd4 Nf6 5. Nc3 a6 6. Bg5 e6 7. f4 Be7 8. Qf3
Qc7 9. O-O-O Nc6 10. g4 Bd7 11. Bg2 Rc8 12. Bh4 b5 13. g5 b4 14. Nce2 Nxd4 15.
Nxd4 e5 16. gxf6 exd4 17. Rd2 gxf6 18. Qd3 Qa5 19. Kb1 Be6 20. b3 Qh5 21. Bg3
f5 22. Qxd4 O-O 23. Rg1 f6 24. exf5 Bxf5 25. Bb7 Rc7 26. Bxa6 Kh8 27. Qb6 Rc5
28. Bf2 Qf3 29. Bxc5 dxc5 30. Qc7 Qe3 31. Rdg2 Bg6 32. Bc4 Rd8 33. f5 Rd2 34.
fxg6 Rxg2 35. Qc8+ Kg7 36. Qg8+ Kh6 37. Qxh7+ 1-0

[Event "21. SCHACHFESTIVAL BASEL 2019 -- MASTER "]
[Site "?"]
[Date "2019.01.03"]
[Round "2.1"]
[White "Narayanan.S.L"]
[Black "Heinemann, Josefine"]
[Result "1-0"]
[WhiteElo "2575"]
[BlackElo "2304"]
[PlyCount "67"]
[EventDate "2019.01.02"]

1. e4 c5 2. Nc3 a6 3. Nge2 d6 4. g3 Nf6 5. Bg2 Nc6 6. d4 cxd4 7. Nxd4 Nxd4 8.
Qxd4 e5 9. Qd3 h6 10. O-O Be6 11. Nd5 Bxd5 12. exd5 Be7 13. a4 b6 14. a5 b5 15.
c4 bxc4 16. Qxc4 O-O 17. Bd2 Qb8 18. b4 Rc8 19. Qd3 Nd7 20. h4 Qb7 21. Rac1 Nf6
22. Rc6 Rcb8 23. Rfc1 Qb5 24. Qxb5 Rxb5 25. Rc8+ Rxc8 26. Rxc8+ Bf8 27. Bf1
Rxd5 28. Be3 Rd1 29. b5 axb5 30. a6 b4 31. a7 b3 32. a8=Q b2 33. Rxf8+ Kh7 34.
Rb8 1-0

[Event "21. SCHACHFESTIVAL BASEL 2019 -- MASTER "]
[Site "?"]
[Date "2019.01.03"]
[Round "2.2"]
[White "Chatalbashev, Boris"]
[Black "Beukema, Jasper"]
[Result "1-0"]
[WhiteElo "2531"]
[BlackElo "2290"]
[PlyCount "159"]
[EventDate "2019.01.02"]

1. d4 d5 2. c4 e6 3. Nc3 Be7 4. Nf3 Nf6 5. Bg5 O-O 6. e3 c6 7. Bd3 Nbd7 8. O-O
a6 9. c5 Nh5 10. Bxe7 Qxe7 11. b4 e5 12. Nxe5 Nxe5 13. Bxh7+ Kxh7 14. Qxh5+ Kg8
15. Qxe5 Qxe5 16. dxe5 Re8 17. f4 f6 18. e4 d4 19. Na4 Bg4 20. h3 Be2 21. Rfe1
Bb5 22. Nb6 Rad8 23. a4 Bd3 24. Rad1 Bc2 25. Rd2 d3 26. Nc4 Rd4 27. Nd6 Re6 28.
exf6 gxf6 29. Nxb7 Rxb4 30. Nd6 Rxa4 31. Kf2 Ra5 32. Nb7 Rb5 33. Nd8 Re8 34.
Nxc6 Rxc5 35. Nb4 a5 36. Nxd3 Rc3 37. Nc1 Rxe4 38. Ne2 Rcc4 39. Ra1 a4 40. g3
Bb3 41. h4 f5 42. Nc1 Rc3 43. Ne2 Rcc4 44. Ng1 Rc3 45. Nf3 Ree3 46. Rd8+ Kf7
47. Ne5+ Ke7 48. Rd7+ Ke6 49. Rd8 Ke7 50. Rd7+ Ke6 51. Rd2 Rxg3 52. Re1 Rh3 53.
Nf3+ Kf6 54. Rd6+ Kg7 55. Nd4 Kf7 56. Nxf5 Rc2+ 57. Kg1 Rc7 58. Rh6 Rhc3 59.
Nd6+ Kg7 60. Nf5+ Kf7 61. Ra6 Rc1 62. Rxc1 Rxc1+ 63. Kf2 Rh1 64. Ke3 Rh3+ 65.
Kd4 Be6 66. Nd6+ Kf6 67. Ne4+ Kf5 68. Rxe6 Rxh4 69. Rf6+ Kg4 70. Nf2+ Kf3 71.
Nd3 Rh8 72. Ke5 Kg3 73. Ke4 Ra8 74. Rg6+ Kh4 75. Kf3 Kh5 76. Rg2 Kh6 77. Ra2
Kg7 78. Ke3 Kf6 79. Ke4 Ra7 80. Nc5 1-0

[Event "21. SCHACHFESTIVAL BASEL 2019 -- MASTER "]
[Site "?"]
[Date "2019.01.03"]
[Round "2.3"]
[White "Gomes, Mary Ann"]
[Black "Krishna, C R G."]
[Result "1-0"]
[WhiteElo "2296"]
[BlackElo "2469"]
[PlyCount "53"]
[EventDate "2019.01.02"]

1. Nf3 Nf6 2. c4 d6 3. g3 e5 4. Nc3 c6 5. d3 g6 6. Bg2 Bg7 7. O-O O-O 8. Bd2
Re8 9. Qc1 Qe7 10. Rb1 Nbd7 11. b4 Nf8 12. b5 Bd7 13. bxc6 bxc6 14. Qa3 e4 15.
Ng5 exd3 16. exd3 Ne6 17. Nxe6 fxe6 18. Bg5 h6 19. Bxf6 Bxf6 20. Ne4 Be5 21.
Rb7 a5 22. d4 Bxd4 23. Rd1 Rab8 24. Rxb8 Rxb8 25. Rxd4 Rb1+ 26. Bf1 e5 27. Rxd6
1-0

[Event "21. SCHACHFESTIVAL BASEL 2019 -- MASTER "]
[Site "?"]
[Date "2019.01.03"]
[Round "2.4"]
[White "Perske, Thore"]
[Black "Hess, Christian Mathias"]
[Result "1-0"]
[WhiteElo "2441"]
[BlackElo "2220"]
[PlyCount "63"]
[EventDate "2019.01.02"]

1. e4 c6 2. d4 d5 3. e5 Bf5 4. Nf3 e6 5. Be2 Ne7 6. O-O Bg6 7. c3 Nd7 8. Nh4 c5
9. Nd2 Rc8 10. Nxg6 hxg6 11. Nf3 cxd4 12. cxd4 Nf5 13. g3 Be7 14. h4 Nb8 15. a3
Nc6 16. b4 Kf8 17. Kg2 a6 18. Bf4 Na7 19. Rc1 Rxc1 20. Qxc1 Qb6 21. Qd2 Nc6 22.
Rc1 Bd8 23. Bg5 Bxg5 24. Qxg5 Kg8 25. Rd1 Qa7 26. g4 Nfe7 27. a4 b5 28. axb5
axb5 29. Bxb5 Nxd4 30. Rb1 Nc2 31. Qd2 Na3 32. Ra1 1-0

[Event "21. SCHACHFESTIVAL BASEL 2019 -- MASTER "]
[Site "?"]
[Date "2019.01.03"]
[Round "2.5"]
[White "Wenner, Tobias"]
[Black "Hort, Vlastimil"]
[Result "0-1"]
[WhiteElo "2125"]
[BlackElo "2419"]
[PlyCount "84"]
[EventDate "2019.01.02"]

1. Nf3 c5 2. c4 Nf6 3. Nc3 e6 4. g3 b6 5. Bg2 Bb7 6. O-O Be7 7. b3 d6 8. d4
cxd4 9. Nxd4 Bxg2 10. Kxg2 a6 11. Bb2 Qc7 12. e3 Nbd7 13. Rc1 O-O 14. Qe2 Rfe8
15. Rfd1 Bf8 16. Rd2 Rac8 17. Kg1 Qb7 18. Qf3 Qxf3 19. Nxf3 Rc7 20. Ba3 d5 21.
Bxf8 Kxf8 22. Ne2 Rec8 23. Rdc2 b5 24. c5 Rxc5 25. Rxc5 Rxc5 26. Rxc5 Nxc5 27.
Ne5 Ne8 28. b4 f6 29. Nc6 Nd3 30. Nf4 Nxf4 31. gxf4 Nc7 32. Kf1 Ke8 33. Ke2 Kd7
34. Na5 e5 35. fxe5 fxe5 36. Kd3 g5 37. f3 h5 38. h3 h4 39. Nb3 Ne6 40. a3 Kd6
41. Kc3 e4 42. fxe4 g4 0-1

[Event "21. SCHACHFESTIVAL BASEL 2019 -- MASTER "]
[Site "?"]
[Date "2019.01.03"]
[Round "2.6"]
[White "Oparaugo, Thomas"]
[Black "Petre, Nad-Titus"]
[Result "0-1"]
[WhiteElo "2045"]
[BlackElo "2308"]
[PlyCount "104"]
[EventDate "2019.01.02"]

1. e4 c6 2. d4 d5 3. exd5 cxd5 4. c4 Nf6 5. Nc3 g6 6. Nf3 Bg7 7. Bg5 Be6 8. Qb3
dxc4 9. Bxc4 Bxc4 10. Qxc4 O-O 11. O-O Nbd7 12. Rfe1 Nb6 13. Qb4 Re8 14. a4 a5
15. Qb5 Ra6 16. Rad1 Nc8 17. Qxb7 Rb6 18. Qa8 Rxb2 19. Re5 Rc2 20. Nd2 Ng4 21.
Rd5 Nd6 22. Qxd8 Rxd8 23. Nce4 Nf6 24. Nxf6+ Bxf6 25. Rxa5 Nc4 26. Rc5 Bxd4 27.
Rc6 Ba7 28. Re1 Rdxd2 29. Bxd2 Rxd2 30. Rf1 Nb2 31. Rc7 Bd4 32. a5 Nd3 33. Rxe7
Nxf2 34. a6 Ra2 35. Rd7 Be3 36. Re7 Bc5 37. Rc7 Ne4+ 38. Kh1 Nf2+ 39. Kg1 Bb6
40. Rb7 Bd4 41. Rd7 Bb6 42. Rb7 Rxa6 43. Rxb6 Nh3+ 44. gxh3 Rxb6 45. Kg2 Rb3
46. Ra1 Kg7 47. Ra7 Rb4 48. Kg3 g5 49. Rc7 Kg6 50. Rc6+ f6 51. Ra6 Rb2 52. Rc6
h5 0-1

[Event "21. SCHACHFESTIVAL BASEL 2019 -- MASTER "]
[Site "?"]
[Date "2019.01.03"]
[Round "2.7"]
[White "Faibisovich, Vadim Z"]
[Black "Staub, Gerhard"]
[Result "1/2-1/2"]
[WhiteElo "2304"]
[BlackElo "2010"]
[PlyCount "108"]
[EventDate "2019.01.02"]

1. e4 c5 2. Nf3 Nc6 3. Bb5 e6 4. O-O Nge7 5. c3 a6 6. Be2 d5 7. exd5 Nxd5 8. d4
cxd4 9. Nxd4 Bd6 10. Nxc6 bxc6 11. c4 Nf6 12. Bf3 Qc7 13. h3 Bb7 14. Nc3 Rb8
15. b3 c5 16. Bxb7 Rxb7 17. Be3 O-O 18. Qc2 Qc6 19. Rad1 Rd7 20. Rd3 Rfd8 21.
Rfd1 Be7 22. R1d2 Rxd3 23. Rxd3 Rxd3 24. Qxd3 h6 25. f3 Nd7 26. Bf4 Bf6 27. Ne2
Ne5 28. Qe4 Qd6 29. Kh2 g5 30. Bg3 h5 31. h4 gxh4 32. Bf4 Qc6 33. Bxe5 Qxe4 34.
fxe4 Bxe5+ 35. Kh3 Kg7 36. Kxh4 Kg6 37. Ng1 f5 38. exf5+ exf5 39. Nf3 Bd6 40.
g3 f4 41. g4 Be7+ 42. Kh3 Bf6 43. Ne1 Bd4 44. Nd3 Be3 45. b4 cxb4 46. Nxb4
hxg4+ 47. Kxg4 Kf6 48. Nd3 Ke6 49. Nxf4+ Ke5 50. Nd5 Bc5 51. Nc7 Kd4 52. Nxa6
Ba3 53. c5 Bxc5 54. Nxc5 Kxc5 1/2-1/2

[Event "21. SCHACHFESTIVAL BASEL 2019 -- MASTER "]
[Site "?"]
[Date "2019.01.03"]
[Round "2.8"]
[White "Beukema, Stefan"]
[Black "Bounlom, Jannik"]
[Result "1-0"]
[WhiteElo "2414"]
[BlackElo "1892"]
[PlyCount "105"]
[EventDate "2019.01.02"]

1. e4 c5 2. Nf3 d6 3. d4 cxd4 4. Nxd4 Nf6 5. Nc3 g6 6. Be2 Bg7 7. Be3 O-O 8.
O-O Nc6 9. Nb3 Be6 10. f4 Qc8 11. Kh1 Bg4 12. Bxg4 Qxg4 13. Qd2 Qe6 14. f5 Qc4
15. Rf4 Ne5 16. Nd5 Nxd5 17. exd5 Qc8 18. Qe2 Bh6 19. Rb4 Bxe3 20. Qxe3 a5 21.
Rb5 Qxf5 22. Rxb7 Qxc2 23. Nd4 Qc4 24. b3 Qxd5 25. Rb5 Ng4 26. Qd2 Qe4 27. Re1
Qd3 28. Qxd3 Nf2+ 29. Kg1 Nxd3 30. Rxe7 a4 31. h3 Nc1 32. Rbb7 Nxa2 33. bxa4
Rab8 34. Rxf7 Rxb7 35. Rxb7 Rf4 36. a5 Rxd4 37. a6 Ra4 38. a7 Nc3 39. Kf2 Rf4+
40. Ke3 Nd5+ 41. Kd3 Ra4 42. Rb8+ Kf7 43. a8=Q Rxa8 44. Rxa8 Nf4+ 45. Ke4 g5
46. Kf5 h6 47. Ra7+ Kg8 48. g3 Nxh3 49. Kg6 Kf8 50. Rf7+ Ke8 51. Rf1 Kd7 52.
Kxh6 Kc6 53. Kh5 1-0

[Event "21. SCHACHFESTIVAL BASEL 2019 -- MASTER "]
[Site "?"]
[Date "2019.01.03"]
[Round "2.9"]
[White "Perreard, Nicolas"]
[Black "Malakhatko, Vadim"]
[Result "0-1"]
[WhiteElo "2032"]
[BlackElo "2533"]
[PlyCount "80"]
[EventDate "2019.01.02"]

1. d4 g6 2. c4 Bg7 3. Nc3 d6 4. e4 e5 5. d5 f5 6. g3 Nf6 7. Bg2 O-O 8. Nge2
fxe4 9. Bg5 e3 10. Bxe3 Ng4 11. Qd2 a5 12. Ne4 b6 13. N2c3 Nxe3 14. Qxe3 Na6
15. h4 h6 16. Bh3 Bf5 17. h5 Qd7 18. Bg2 g5 19. O-O-O Rf7 20. Rdf1 Raf8 21. f3
g4 22. Nf2 gxf3 23. Bxf3 Nc5 24. Be2 e4 25. g4 Bh7 26. g5 hxg5 27. h6 Be5 28.
Qxg5+ Kh8 29. Qg2 Bxc3 30. bxc3 Qa4 31. Kb2 e3 32. Bd1 Rxf2+ 33. Rxf2 Rxf2+ 34.
Qxf2 exf2 35. Bxa4 Nxa4+ 36. Ka3 Bd3 37. Kxa4 Bxc4 38. a3 f1=Q 39. Rxf1 Bxf1
40. Kb3 Kh7 0-1